00549nam a2200157Ia 4500008004100000020001800041082001700059100002600076245007100102260002600173300001000199500001900209650005200228952009400280999001700374120629s9999 xx 000 0 und d a968-422-742-6 a001.42 T289i aTenorio Bahena, Jorge aIntroducción a la investigación social / Jorge Tenorio Bahena aMéxico: McGraw-Hill a106 p aBibliografía a1. INVESTIGACION-METODOLOGIA \ 2. SOCIOLOGIAÌ 00104070a15b15d2006-04-09l0o001.42 T289Ip15 000567r2017-12-07t1w2012-06-28yLB c74725d74725